| 000 | 00481nam a2200157Ia 4500 | ||
|---|---|---|---|
| 008 | 151021s9999 xx 000 0 und d | ||
| 020 | _a131512552 | ||
| 050 | _aRT 50.5 .M37 2005 | ||
| 245 | _a_Internet Resource Guided for Nurses & Health Care Professionals (3rd ed.) Toni Hebda | ||
| 260 | _aNew Jersey Prentice Hall 2005 | ||
| 300 | _avii,136p,;ill | ||
| 500 | _aIncludes index | ||
| 650 | _a_Internet | ||
| 700 | _a_Patricia Czar | ||
| 980 | _a^d20110713 10:40:16^oanne | ||
| 999 |
_c7959 _d7959 |
||